| 000 | 00473nam a2200181Ia 4500 | ||
|---|---|---|---|
| 008 | 130318s9999 xx 000 0 und d | ||
| 020 | _a9783642152566 | ||
| 082 | _a006.8 RAN/S | ||
| 100 | _aRannenberg, Kai | ||
| 245 | _aSecurity and privacy : Silver linings in the cloud | ||
| 260 |
_bSpringer _aGermany _c2010 |
||
| 300 | _a312 | ||
| 650 | _aNETWORK SECURITY | ||
| 650 | _aPRIVACY | ||
| 650 | _aSECURITY | ||
| 700 | _aVaradharajan, Vijay | ||
| 700 | _aWeber, Christan | ||
| 999 |
_c2521 _d2521 |
||